000 00429cam a2200169 4500
001 D12672
008 090401t1946 xxu||||| |||| 00| 0 eng d
035 _a(Sirsi) u5067
041 _aeng
100 _aEdwards, H. Russell
245 4 _aThe Rent Restrictions Acts 1920-1939
260 _aLiverpool
_bThe Auctioneers` and Estate Agents Insti
_c1946
350 _a0
520 _aShelf 115
942 _n0
948 _c04/03/1997
999 _c86116
_d86116